000 00311nam a22001337a 4500
008 181122b xxu||||| |||| 00| 0 eng d
020 _a9780673540089
041 _aeng
080 _24 TH
_a370
100 _a49
101 _aEDU
245 _aWriting Reading Acroos Currculum
_cLaurence.B
942 _2udc
_cBK
999 _c52419
_d52419